000 00580nam a2200193Ia 4500
003 GCL
008 140319s9999 xx 000 0 ara d
040 _aGCL /
_cGCL
082 0 4 _a153.15
_bس ت
100 1 _aالزرنوجى , برهان الدين
245 1 0 _aالتعلم عند برهان الاسلام الزرنوجى /
_cالزرنوجى , برهان الدين
700 1 _aسيد احمد عثمان
300 _a197 ص
490 _a
650 0 4 _aالاسلام
650 0 4 _aالتعلم
650 0 4 _aالتربية الاسلامية
942 _2ddc
_cBK
999 _c38710
_d38710